| 000 | 00918nam a2200217Ia 4500 | ||
|---|---|---|---|
| 008 | 0000001981 ve az 0000000000spa00 | ||
| 090 | _aPSZ00 K42p | ||
| 100 | 1 |
_aKlee, Paul _d1879 |
|
| 245 | 1 | 0 |
_aPaul Klee _c/ fotografías Walter Klein ; traducción Frederique de Palomero |
| 300 |
_a[64] p. _c/ 29 cm. |
||
| 500 | _aExposición realizada en el Museo de Arte Contemporáneo de Caracas, Marzo, 1981 \ Con el patronazgo del maestro venezolano Jesús Rafael Soto (q.e.p.d.) \ Registro auspiciado por el IDCT. Bogotá | ||
| 600 | 0 | 0 |
_aKLEE, PAUL, 18791940/ _xTRABAJOS PICTORICOS |
| 650 | 1 | 4 | _aARTE CONTEMPORANEO SUIZO |
| 650 | 1 | 4 | _aARTISTAS PLASTICOS SUIZOS |
| 650 | 1 | 4 | _xCATALOGOS |
| 650 | 1 | 4 | _aDIBUJOS SUIZOS |
| 650 | 1 | 4 | _xEXPOSICIONES |
| 650 | 1 | 4 | _aPINTURA SUIZA |
| 700 | 1 | _aKlein, Walter \ Palomero, Frederique de, tr. | |
| 999 |
_c2802 _d2802 |
||
| 260 |
_aCaracas : Museo de Arte Contemporáneo de Caracas _c1981 |
||